Historical Figures whose Names starts with J - Statistics

General Stats
  • This quiz has been taken 43 times
  • The average score is 16 of 24
Answer Stats
Picture Hint Answer % Correct
God of Christianity Jesus of Nazareth
100%
French heroine during the Hundred Years' War Jeanne d'Arc
98%
Veni, vidi, vici Julius Caesar
98%
Second U.S. president John Adams
95%
Leader of the Soviet Union Joseph Stalin
93%
Cuba crisis U.S. president John F. Kennedy
90%
Beatles member John Lennon
88%
German baroque composer Johann Sebastian Bach
85%
author of Pride and Prejudice Jane Austen
78%
Inventor of the movable-type printing press Johannes Gutenberg
78%
Author of the Lord of the Rings J.R.R. Tolkien
75%
author of Ulysses James Joyce
70%
president of Argentina Juan Perón
68%
Byzantine Emperor Justinian the Great
65%
Scottish inventor who improved the steam engine James Watt
60%
Father of the Constitution James Madison
55%
Girl with a Pearl Earring Johannes Vermeer
53%
first Prime Minister of independent India Jawaharlal Nehru
50%
laws of planetary motion Johannes Kepler
45%
author of Faust Johann Wolfgang von Goethe
40%
French existentialist philosopher Jean-Paul Sartre
38%
Tabula Rasa John Locke
23%
classical theory of electromagnetic radiation James Clerk Maxwell
15%
American settlement activist and Nobel Prize winner Jane Addams
10%
No matching quizzes found
Score Distribution
Percent of People with Each Score
Percentile by Number Answered
Your Score History
You have not taken this quiz